000 00271nam a22001337a 4500
003 SGT
020 _a9788189975814
082 _a820
_bT08S
100 _aSANGHI, ASHWIN
245 _aTHE ROZABAL LINE
260 _bWESTLAND LTD.
_c2008
300 _a362
942 _2ddc
_cBK
999 _c29081
_d29081